00337nam a2200121Ia 450000500170000000800410001708200170005810000190007524500650009426000290015930000080018865000190019620260425114747.0191201s2018 xx 000 0 und d a615.1068 GUH aGUPTA, Ashok K 0aHandbook of Drug Store and business Management for 2nd year  bCBS PubaNew Delhic2018 a209 aPharmaceutics